00473nam a2200169Ia 4500001000700000008004100007010001100048082001300059100002100072245009300093260005000186300001100236440000500247500000500252503000500257650004100262Z_2447220113s1965 xx 000 0 und d a165501 a519.5 D5 aDixon, Wilfrid J aIntroducción al análisis estadístico /cpor Wilfrid J Dixon y Frank Jones Massey aLa Habana :bEdición Revolucionaria,c1965 a489 p. a a a aEstadística I. Massey, Frank Jones